La revolución mexicana: del porfiriato al nuevo régimen constitucional
Saved in:
| Hovedforfatter: | |
|---|---|
| Format: | Bog |
| Sprog: | spansk |
| Udgivet: |
Ciudad de México
Fondo de Cultura Económica
2010
|
| Udgivelse: | 1a. ed |
| Serier: | Historia
|
| Fag: | |
| Tags: |
Tilføj Tag
Ingen Tags, Vær først til at tagge denne postø!
|
MARC
| LEADER | 00000cam a2200000 a 4500 | ||
|---|---|---|---|
| 001 | UCF1018 | ||
| 003 | CL-VaPUC | ||
| 008 | 120621e20100000MX |||||||||||||||||spa|d | ||
| 020 | |a 9786071604002 | ||
| 082 | 0 | 4 | |a 972.0816 |b KNI |2 21 |
| 100 | |a Knight, Alan |e author |9 599683 | ||
| 245 | 1 | 3 | |a La revolución mexicana: del porfiriato al nuevo régimen constitucional |
| 250 | |a 1a. ed | ||
| 300 | |a 1405 p | ||
| 942 | |c BK | ||
| 945 | |d 20120621 00:00:00 |a cmena | ||
| 260 | |a Ciudad de México |b Fondo de Cultura Económica |c 2010 | ||
| 650 | 0 | |a Historia de México |9 321806 | |
| 650 | 0 | |a Revolución mexicana |9 369585 | |
| 650 | 0 | |a Problemas sociales |9 258537 | |
| 650 | 0 | |a Poder político |9 255509 | |
| 583 | |a last modification |c 20140411 05:14:53 |k Rodrigo Vera | ||
| 490 | 0 | |a Historia | |
| 999 | |c 348033 |d 348031 | ||
| 952 | |0 0 |1 0 |4 0 |6 972_081600000000000_KNI_2010 |7 0 |8 A |9 449890 |a BIBHIS |b BIBHIS |d 2019-11-22 |i 4875915 |l 2 |o 972.0816 KNI 2010 |p 4875915 |r 2025-01-20 |s 2023-05-24 |w 2019-11-22 |y BK |k HIS | ||
| 952 | |0 0 |1 0 |3 erb |4 0 |6 972_081600000000000_KNI_2010 |7 0 |8 A |9 449891 |a BIBHIS |b BIBHIS |i 5116589 |l 3 |o 972.0816 KNI 2010 |p 5116589 |r 2025-01-20 |s 2024-06-04 |w 2019-11-22 |y BK |z Catalogado en:20140925 |k HIS | ||